Symboles de Noël - Mort Subite - Statistiques

Statistiques générales
  • Ce quiz a été pris 5 681 fois
  • Le résultat moyen est 9 sur 10
Answers on the Grid
Answers color-coded by a green-red scale on the quiz's grid according to % correct below.
Chasse aux bonbons
Père Noël
Calendrier de l'Avent
Chasse aux œufs
Cimetière
Bonnet Rouge
Bûche Glacée
Cranberries
Crèche
Crêpes
Sapin
Déguisement de sorcière
Dinde
Galette des Rois
Lettres d'amour
Maria Carey
Petite Souris
Messe de minuit
Sucre d'Orge
Trèfle
 
Statistiques - réponses
Réponse % Correct
Père Noël
99%
Calendrier de l'Avent
98%
Bûche Glacée
94%
Bonnet Rouge
91%
Sapin
89%
Crèche
85%
Sucre d'Orge
85%
Messe de minuit
84%
Maria Carey
83%
Dinde
78%
Aucun quiz correspondant
Distribution des résultats
% des personnes avec chaque résultat
Percentile par nombre de réponses
Votre historique - résultats
Vous n’avez pas pris ce quiz